| 000 | 00992cam a2200325 i 4500 | ||
|---|---|---|---|
| 001 | 200458964 | ||
| 999 |
_c200458964 _d77176 |
||
| 003 | TR-AnTOB | ||
| 005 | 20240809132934.0 | ||
| 007 | ta | ||
| 008 | 221223s2022 tu a g 000 f|tur d | ||
| 020 | _a9786258344882 | ||
| 040 |
_aANKA _beng _erda _cANKA _dTR-AnTOB |
||
| 041 | 1 |
_atur _hfre |
|
| 050 | 1 | _aPQ2667.R329 | |
| 090 |
_aPQ2667.R329 _bP7619 2022 |
||
| 100 | 1 |
_aGrange, Jean-Christophe _eauthor _914849 _d1961- |
|
| 240 | 1 | 4 |
_aLes Promises. _lTurkish. |
| 245 | 1 | 0 |
_aMermer adam / _cJean-Christophe Grange ; çeviren Tankut Gökçe. |
| 250 | _a35. baskı Kasım 2022 | ||
| 264 | 1 |
_aİstanbul : _bDoğan Kitap, _c2022. |
|
| 300 |
_a603 pages ; _c22 cm |
||
| 336 |
_atext _btxt _2rdacontent |
||
| 337 |
_aunmediated _bn _2rdamedia |
||
| 338 |
_avolume _bnc _2rdacarrier |
||
| 500 | _a"Polisiye / Gerilim" -- kapak. | ||
| 500 | _aOriginal title: Les promises. | ||
| 700 | 1 |
_aGökçe, Tankut _etranslator _973436 |
|
| 942 |
_2lcc _cBK |
||